| 000 | 00723nam a2200265 a 4500 | ||
|---|---|---|---|
| 003 | AR-BaBNM | ||
| 005 | 20251128210234.0 | ||
| 008 | 082120s2002 ||||||||||||||000 | spa|| | ||
| 020 | _a950-653-034-3 | ||
| 040 | _cAR-BaBNM | ||
| 100 | 1 | _aMann, Thomas | |
| 245 | 0 | 0 |
_aLa muerte en Venecia ; _bMario y el hipnotizador |
| 260 |
_aBuenos Aires _bLibrerías Fausto _c1998 |
||
| 300 | _a171 p. | ||
| 490 | 0 | _aPlan Social Educativo | |
| 650 | 4 | _aLITERATURA ALEMANA | |
| 650 | 4 | _aLITERATURA CONTEMPORANEA | |
| 650 | 4 | _aESCRITORES | |
| 653 | _aNARRATIVA | ||
| 655 | _aLITERATURA | ||
| 700 | 1 |
_aRivas, Martín _etraductor |
|
| 810 | 1 |
_aArgentina _bMinisterio de Cultura y Educación |
|
| 942 | _cBK | ||
| 998 | _cMARTIN | ||
| 999 |
_c14617 _d14617 |
||